[Event "Thessaloniki Triandria op 5th"]
[Site "Thessaloniki"]
[Date "2012.04.18"]
[Round "2"]
[White "Prinos, Panagiotis"]
[Black "Galaras, Anestis"]
[Result "0-1"]
[WhiteElo "1725"]
[BlackElo "1890"]
[PlyCount "48"]
[EventDate "2012.04.17"]
[EventType "swiss"]
[EventRounds "7"]
[EventCountry "GRE"]
[SourceTitle "EXT 2014"]
[Source "ChessBase"]
[SourceDate "2013.11.20"]
[SourceVersion "1"]
[SourceVersionDate "2013.11.20"]
[SourceQuality "1"]

1. e4 e5 2. f4 Bc5 3. Nf3 d6 4. Bc4 Be6 5. Qe2 Nc6 6. c3 Bg4 7. b4 Bb6 8. d3 exf4 9. d4 g5 10. a4 a6 11. h4 f6 12. Qa2 Qe7 13. Nbd2 Qg7 14. Bd5 Nce7 15. Be6 Bxe6 16. Qxe6 g4 17. Nh2 h5 18. Nb3 f3 19. g3 Qf7 20. Qxf7+ Kxf7 21. Be3 Re8 22. Kd2 f5 23. d5 Bxe3+ 24. Kxe3 Nxd5+ 0-1